Círculos de calidad en operación
Gorde:
| Egile nagusia: | |
|---|---|
| Formatua: | Liburua |
| Hizkuntza: | gaztelania |
| Argitaratua: |
Ciudad de México
McGraw-Hill
1985
|
| Gaiak: | |
| Etiketak: |
Etiketa erantsi
Etiketarik gabe, Izan zaitez lehena erregistro honi etiketa jartzen!
|
MARC
| LEADER | 00000nam a2200000 a 4500 | ||
|---|---|---|---|
| 001 | UCQ1124 | ||
| 003 | CL-VaPUC | ||
| 008 | 980709e19850000MX |||||||||||||||||spa|d | ||
| 082 | 0 | 4 | |a 658.5 |b BAR |2 21 |
| 100 | 0 | |a Barra, Ralph |e author |9 414715 | |
| 245 | 1 | 0 | |a Círculos de calidad en operación |
| 246 | 1 | 0 | |a Estrategia práctica para aumentar la productividad y las utilidades |
| 300 | |a 181 p | ||
| 942 | |c BK | ||
| 945 | |d 19980709 00:00:00 |a cmena | ||
| 260 | |a Ciudad de México |b McGraw-Hill |c 1985 | ||
| 650 | 0 | |a Administración de empresas |9 260833 | |
| 650 | 0 | |a Productividad |9 335972 | |
| 650 | 0 | |a Control de calidad |9 259714 | |
| 650 | 0 | |a Gestión de la producción |9 259467 | |
| 650 | 7 | |a INGRESOS |2 CL-VaPUC |9 367979 | |
| 650 | 0 | |a Operaciones administrativas |9 335045 | |
| 583 | |a last modification |c 19980709 00:00:00 |k Rodrigo Vera | ||
| 999 | |c 272128 |d 272126 | ||
| 952 | |0 0 |1 0 |4 0 |6 658_500000000000000_BAR_1985 |7 0 |8 A |9 306995 |a BIBENE |b BIBENE |d 2019-11-20 |i 1433415 |o 658.5 BAR 1985 |p 1433415 |r 2025-01-15 |w 2019-11-20 |y BK |k ICO | ||
| 952 | |0 0 |1 0 |4 0 |6 658_500000000000000_BAR_1985 |7 0 |8 A |9 306996 |a BIBENE |b BIBENE |d 2019-11-20 |i 144767K |o 658.5 BAR 1985 |p 144767K |r 2025-01-15 |w 2019-11-20 |y BK |k ICO | ||